01577cam a2200277 i 450000100090000000300040000900500170001300800410003001000170007102000250008804000280011304200080014105000250014908200120017410000210018624501450020725000190035226400480037130000530041933600210047233700250049333800230051850000200054150507230056165000150128418725128OSt20220225102051.0150731s2016 nyua 001 0 eng  a 2015030231 a9780393264586 (pbk.) aDLCbengcDLCerdadDLC apcc00aHB 171.5b.M434 201600a3302231 aMateer, G. Dirk.10aEssentials of economics /cDirk Mateer, University of Arizona, Lee Coppock, University of Virginia, Brian O'Roark, Robert Morris University. aFirst Edition. 1aNew York ;aLondon :bW. W. Norton,c[2016] axxxix, 589 pages :bcolor illustrations ;c25 cm atext2rdacontent aunmediated2rdamedia avolume2rdacarrier aIncludes index.0 aIntroduction -- Thinking like an economist -- Economic models and gains from trade -- The market at work : supply and demand -- Market efficiency -- Microeconomics -- Costs and production : how do businesses work? -- Market structures -- Behavioral economics and game theory -- Labor markets and earnings -- Government in the economy -- Macroeconomics -- What is macroeconomics? -- Measuring the macroeconomy, inflation, and unemployment -- Aggregate demand and aggregate supply -- Economic growth and the wealth of nations -- Savings, investment, and the market for loanable funds -- Money and the federal reserve -- Monetary policy -- Fiscal policy and budget deficits -- International economics -- Personal finance. 0aEconomics.